[Event "RUS-chT 07th"]
[Site "Smolensk"]
[Date "2000.04.23"]
[Round "9"]
[White "Lopushnoy, Denis"]
[Black "Ovetchkin, Roman"]
[Result "0-1"]
[WhiteElo "2420"]
[BlackElo "2493"]
[PlyCount "90"]
[EventDate "2000.04.15"]
[EventType "team-tourn"]
[EventRounds "11"]
[EventCountry "RUS"]
[SourceTitle "EXT 2020"]
[Source "ChessBase"]
[SourceDate "2019.10.17"]
[SourceVersion "1"]
[SourceVersionDate "2019.10.17"]
[SourceQuality "1"]
[WhiteTeam "Novokuznetsk"]
[BlackTeam "Nizhny Tagil Politekhnik"]
[WhiteTeamCountry "RUS"]
[BlackTeamCountry "RUS"]

1. Nf3 d5 2. g3 Bg4 3. Bg2 Nd7 4. c4 e6 5. cxd5 exd5 6. 0-0 Ngf6 7. d3 c6 8. Nc3 Bc5 9. e4 dxe4 10. dxe4 0-0 11. Qc2 Re8 12. Bf4 Bxf3 13. Bxf3 Ne5 14. Bxe5 Rxe5 15. Bg2 Ng4 16. h3 Nxf2 17. Rxf2 Qf6 18. Raf1 Rd8 19. Kh2 Bxf2 20. Rxf2 Qd6 21. Rf1 Rd7 22. Qf2 Qc5 23. Qf4 Re8 24. h4 Qe5 25. Qf2 b5 26. a3 Red8 27. Re1 Rd2 28. Re2 Rxe2 29. Qxe2 g6 30. Bf3 h5 31. Kg2 Kg7 32. Nd1 Qd4 33. Ne3 Qd2 34. Kf2 Qc1 35. Nf1 Qc5+ 36. Qe3 Qe5 37. Qe2 a5 38. Ne3 Qc5 39. Ke1 a4 40. Kf2 Qc1 41. Nf1 Qc5+ 42. Ne3 Rd4 43. Ke1 b4 44. Nc2 bxa3 45. Nxd4 Qc1+ 0-1

[Event "RUS-chT 07th"]
[Site "Smolensk"]
[Date "2000.04.22"]
[Round "8"]
[White "Chigvintsev, Andrei"]
[Black "Lopushnoy, Denis"]
[Result "1/2-1/2"]
[WhiteElo "2405"]
[BlackElo "2420"]
[PlyCount "117"]
[EventDate "2000.04.15"]
[EventType "team-tourn"]
[EventRounds "11"]
[EventCountry "RUS"]
[SourceTitle "EXT 2020"]
[Source "ChessBase"]
[SourceDate "2019.10.17"]
[SourceVersion "1"]
[SourceVersionDate "2019.10.17"]
[SourceQuality "1"]
[WhiteTeam "Novosibirsk Transsib"]
[BlackTeam "Novokuznetsk"]
[WhiteTeamCountry "RUS"]
[BlackTeamCountry "RUS"]

1. Nf3 d5 2. b3 Bg4 3. Bb2 Nd7 4. h3 Bxf3 5. gxf3 e5 6. e3 Ngf6 7. c4 c6 8. Qc2 Bd6 9. Rg1 0-0 10. Nc3 Re8 11. Ne2 g6 12. Ng3 Bf8 13. h4 d4 14. h5 Bg7 15. hxg6 hxg6 16. Bh3 Nc5 17. Ba3 Ne6 18. Bxe6 Rxe6 19. Bb2 Qd7 20. d3 dxe3 21. fxe3 Rd6 22. 0-0-0 Qe6 23. Qh2 Rad8 24. Kc2 c5 25. e4 Kf8 26. Bc1 Ke7 27. Nf5+ gxf5 28. Rxg7 f4 29. Bb2 Nd7 30. Qh5 Rf8 31. Bc3 Qh6 32. Qg4 Rg6 33. Rxg6 Qxg6 34. Qh4+ Qf6 35. Qf2 b6 36. b4 Re8 37. a3 Qh6 38. Qg2 Qc6 39. b5 Qg6 40. Qxg6 fxg6 41. Rh1 Rf8 42. a4 Ke6 43. a5 g5 44. Kd2 Nf6 45. Ke2 Rg8 46. Be1 Kf7 47. Bf2 Ke7 48. Rh6 Kf7 49. Be1 Kg7 50. Rh1 Kf7 51. Bc3 Ke6 52. Rh6 Rd8 53. a6 Rg8 54. Be1 Kf7 55. Bc3 Re8 56. Rh1 Kg7 57. Bd2 Re7 58. Rg1 Kh6 59. Be1 1/2-1/2

[Event "RUS-chT 06th"]
[Site "St Petersburg"]
[Date "1999.05.21"]
[Round "6"]
[White "Lopushnoy, Denis"]
[Black "Kharlov, Andrei"]
[Result "1/2-1/2"]
[WhiteElo "2399"]
[BlackElo "2600"]
[PlyCount "23"]
[EventDate "1999.05.16"]
[EventType "team-tourn"]
[EventRounds "9"]
[EventCountry "RUS"]
[SourceTitle "EXT 2020"]
[Source "ChessBase"]
[SourceDate "2019.10.17"]
[SourceVersion "1"]
[SourceVersionDate "2019.10.17"]
[SourceQuality "1"]
[WhiteTeam "Novokuznetsk"]
[BlackTeam "Kazan Sberbank-Tatarstan"]
[WhiteTeamCountry "RUS"]
[BlackTeamCountry "RUS"]

1. Nf3 d5 2. g3 Nc6 3. d4 Bg4 4. Bg2 Qd7 5. c4 dxc4 6. d5 Bxf3 7. Bxf3 Ne5 8. Bg2 e6 9. Nc3 exd5 10. Qxd5 Qxd5 11. Nxd5 0-0-0 12. Bf4 1/2-1/2

[Event "RUS-chT 06th"]
[Site "St Petersburg"]
[Date "1999.05.18"]
[Round "3"]
[White "Sergienko, Sergey"]
[Black "Lopushnoy, Denis"]
[Result "1-0"]
[WhiteElo "2387"]
[BlackElo "2399"]
[PlyCount "97"]
[EventDate "1999.05.16"]
[EventType "team-tourn"]
[EventRounds "9"]
[EventCountry "RUS"]
[SourceTitle "EXT 2020"]
[Source "ChessBase"]
[SourceDate "2019.10.17"]
[SourceVersion "1"]
[SourceVersionDate "2019.10.17"]
[SourceQuality "1"]
[WhiteTeam "Voronezh OShK"]
[BlackTeam "Novokuznetsk"]
[WhiteTeamCountry "RUS"]
[BlackTeamCountry "RUS"]

1. d4 Nf6 2. c4 e6 3. Nc3 Bb4 4. Qc2 d5 5. cxd5 Qxd5 6. Nf3 Qf5 7. Qxf5 exf5 8. Bd2 c6 9. g3 Nbd7 10. Bg2 Nb6 11. Ne5 0-0 12. 0-0 a5 13. Rfd1 Be6 14. b3 Ra7 15. Rab1 Rfa8 16. Nd3 Rd8 17. e3 Nfd5 18. Nxd5 Nxd5 19. Bxd5 Rxd5 20. Bxb4 axb4 21. Rd2 Rb5 22. f3 Ra8 23. Rc1 f6 24. Kf2 Kf7 25. Rc5 Rb6 26. e4 fxe4 27. fxe4 Ke7 28. Ke3 Kd6 29. Rf2 h6 30. Kf4 Bg8 31. g4 Ke7 32. h3 Be6 33. Ke3 Kd6 34. Rg2 Re8 35. Kf3 Ra8 36. Rf2 Bg8 37. Re2 Bf7 38. Rd2 Bg8 39. Kf4 Be6 40. Rg2 Bg8 41. h4 Be6 42. Rh2 Ke7 43. g5 Rd8 44. Ke3 Rg8 45. Ra5 g6 46. gxf6+ Kxf6 47. Rf2+ Kg7 48. Re5 Re8 49. Nc5 1-0

[Event "RUS-chT 06th"]
[Site "St Petersburg"]
[Date "1999.05.16"]
[Round "1"]
[White "Korniushin, Nikolay"]
[Black "Lopushnoy, Denis"]
[Result "1/2-1/2"]
[WhiteElo "2428"]
[BlackElo "2399"]
[PlyCount "121"]
[EventDate "1999.05.16"]
[EventType "team-tourn"]
[EventRounds "9"]
[EventCountry "RUS"]
[SourceTitle "EXT 2020"]
[Source "ChessBase"]
[SourceDate "2019.10.17"]
[SourceVersion "1"]
[SourceVersionDate "2019.10.17"]
[SourceQuality "1"]
[WhiteTeam "Vladivostok Debiut-DVGU"]
[BlackTeam "Novokuznetsk"]
[WhiteTeamCountry "RUS"]
[BlackTeamCountry "RUS"]

1. Nf3 Nf6 2. d4 e6 3. g3 b5 4. Bg2 Bb7 5. 0-0 c5 6. c4 bxc4 7. Qa4 cxd4 8. Nxd4 Bxg2 9. Kxg2 Qb6 10. Qxc4 Bc5 11. Nb3 Qc6+ 12. f3 Bb6 13. Qxc6 Nxc6 14. Nc3 Nd5 15. Nxd5 exd5 16. Rd1 d4 17. Bd2 0-0 18. Be1 Rfe8 19. Kf1 Re7 20. Rac1 Rae8 21. Rc2 f5 22. a3 Re3 23. Nc1 R3e6 24. Bf2 Rd6 25. Rcd2 Re5 26. Nd3 Red5 27. b4 a5 28. Rb1 axb4 29. axb4 Rb5 30. Ra2 Na5 31. Rc1 Nc6 32. Rc4 Re6 33. Ke1 Kf7 34. Kd2 Ne5 35. Nxe5+ Rbxe5 36. Kd3 g5 37. Rcc2 g4 38. Bxd4 Bxd4 39. Kxd4 Kf6 40. fxg4 Re4+ 41. Kc5 R4e5+ 42. Kc4 fxg4 43. b5 Rb6 44. Rcb2 d6 45. Ra5 Ke6 46. Kd3 h5 47. Rb4 Rc5 48. Kd4 Rb8 49. Ke3 Rb6 50. Kf2 Ke5 51. Rb2 Ke6 52. Kg2 Re5 53. h3 gxh3+ 54. Kxh3 Rb8 55. Kg2 Rb7 56. Kf2 Rb6 57. Rb3 Rf5+ 58. Ke3 Rg5 59. Kd2 Rc5 60. Re3+ Kf5 61. Rb3 1/2-1/2

[Event "RUS-Cup03 Geller Memorial"]
[Site "Moscow"]
[Date "1999.02.13"]
[Round "4"]
[White "Lopushnoy, Denis"]
[Black "Rychagov, Andrey"]
[Result "0-1"]
[WhiteElo "2399"]
[BlackElo "2487"]
[PlyCount "164"]
[EventDate "1999.02.10"]
[EventType "swiss"]
[EventRounds "9"]
[EventCountry "RUS"]
[SourceTitle "CBM 070"]
[Source "ChessBase"]
[SourceDate "1999.06.08"]
[SourceVersion "1"]
[SourceVersionDate "1999.06.08"]
[SourceQuality "1"]

1. Nf3 d5 2. g3 Nf6 3. Bg2 c6 4. 0-0 Bg4 5. b3 Nbd7 6. Bb2 e6 7. d3 Be7 8. Nbd2 0-0 9. c4 a5 10. a3 Qb6 11. Qc2 Rfd8 12. Bc3 Qc7 13. Qb2 b5 14. cxb5 cxb5 15. Rfc1 Qb7 16. b4 axb4 17. axb4 Ra4 18. Rxa4 bxa4 19. Ra1 Ra8 20. h3 Bxf3 21. Bxf3 Qb8 22. e3 Qb5 23. Be2 Nb6 24. Nb1 Rc8 25. Na3 Qc6 26. Rc1 d4 27. Bd2 Qd5 28. Rxc8+ Nxc8 29. e4 Qb3 30. Qxb3 axb3 31. Nc4 Nd6 32. Nb2 Nb5 33. Bd1 Nc3 34. Bxb3 Bxb4 35. Kf1 Nd7 36. f4 Nc5 37. Bc2 Na2 38. Ke2 f6 39. Bxb4 Nxb4 40. Kd2 g5 41. fxg5 fxg5 42. Bd1 Kf7 43. Bh5+ Ke7 44. Be2 Nb3+ 45. Kd1 Na5 46. Kd2 Kd6 47. Bh5 Nbc6 48. Nd1 Ne5 49. Nf2 Kc5 50. Bd1 Kb4 51. Bg4 Nb3+ 52. Kc2 Nc5 53. Bh5 Ka3 54. Be2 Ka2 55. Bg4 Nc6 56. Bd1 Nb3 57. Bg4 Nb4+ 58. Kd1 Nc5 59. Kd2 Kb1 60. Bd1 Kb2 61. Bg4 Nc6 62. Nd1+ Kb1 63. Nf2 Ne5 64. Be2 Nb3+ 65. Kd1 Nc1 66. Bg4 Nxg4 67. Nxg4 Nxd3 68. Kd2 Nc5 69. Nf6 h6 70. e5 Kb2 71. h4 Kb3 72. Ng4 gxh4 73. gxh4 h5 74. Nf6 Kc4 75. Nxh5 Ne4+ 76. Kd1 Kd5 77. Nf4+ Kxe5 78. Nd3+ Kf5 79. Ke2 Nc3+ 80. Kd2 e5 81. Ne1 Nd5 82. Nf3 Nf6 0-1

[Event "RUS-Cup"]
[Site "Tomsk"]
[Date "1999.??.??"]
[Round "9"]
[White "Lopushnoy, Denis"]
[Black "Kravtsov, Sergey"]
[Result "1-0"]
[WhiteElo "2399"]
[BlackElo "2438"]
[PlyCount "87"]
[EventDate "1999.??.??"]
[EventType "swiss"]
[EventRounds "9"]
[EventCountry "RUS"]
[SourceTitle "EXT 2001"]
[Source "ChessBase"]
[SourceDate "2000.11.22"]
[SourceVersion "1"]
[SourceVersionDate "2000.11.22"]
[SourceQuality "1"]

1. Nf3 Nf6 2. g3 b6 3. Bg2 Bb7 4. c4 e6 5. 0-0 d5 6. d4 Be7 7. Nc3 0-0 8. cxd5 exd5 9. Qc2 Na6 10. Rd1 c6 11. a3 Nc7 12. b4 Nce8 13. Ne5 Nd6 14. Bf4 Nh5 15. Bd2 Nf6 16. Bf4 g6 17. Qb3 b5 18. Bh6 Re8 19. e4 Nc4 20. exd5 cxd5 21. Nxb5 Qb6 22. Nc3 Nxe5 23. Na4 Qe6 24. dxe5 Qxe5 25. Bf4 Qf5 26. Nc3 Rad8 27. Nb5 g5 28. Be3 a6 29. Nd4 Qg6 30. Qd3 Ne4 31. Rac1 Rd7 32. f3 Nd6 33. Bh3 Rdd8 34. Rc7 Bf6 35. Nf5 Ba8 36. Nxd6 Rxd6 37. Bf5 Qg7 38. Bc5 Rdd8 39. Bd7 Rf8 40. Bxf8 Qxf8 41. Be6 Be7 42. Qf5 d4 43. Bc4 Rd6 44. Re1 1-0

[Event "RUS-Cup"]
[Site "Nizhnij Novgorod"]
[Date "1999.??.??"]
[Round "7"]
[White "Voitsekhovsky, Stanislav"]
[Black "Lopushnoy, Denis"]
[Result "1-0"]
[WhiteElo "2558"]
[BlackElo "2399"]
[PlyCount "43"]
[EventDate "1999.??.??"]
[EventType "swiss"]
[EventRounds "9"]
[EventCountry "RUS"]
[SourceTitle "EXT 2001"]
[Source "ChessBase"]
[SourceDate "2000.11.22"]
[SourceVersion "1"]
[SourceVersionDate "2000.11.22"]
[SourceQuality "1"]

1. e4 c5 2. c3 Nf6 3. e5 Nd5 4. d4 cxd4 5. cxd4 d6 6. Bc4 Nb6 7. Bb5+ Bd7 8. e6 Bxb5 9. Qh5 Qc8 10. Qxb5+ Qc6 11. exf7+ Kxf7 12. Qg5 Qe4+ 13. Ne2 Nc6 14. Nbc3 Qg6 15. Qb5 e6 16. 0-0 Be7 17. d5 exd5 18. Be3 d4 19. Nxd4 Ne5 20. Qb3+ Nec4 21. a4 a5 22. Ndb5 1-0

[Event "RUS-Cup"]
[Site "Nizhnij Novgorod"]
[Date "1999.??.??"]
[Round "5"]
[White "Zakharov, Alexander S"]
[Black "Lopushnoy, Denis"]
[Result "1-0"]
[WhiteElo "2430"]
[BlackElo "2399"]
[PlyCount "61"]
[EventDate "1999.??.??"]
[EventType "swiss"]
[EventRounds "9"]
[EventCountry "RUS"]
[SourceTitle "EXT 2001"]
[Source "ChessBase"]
[SourceDate "2000.11.22"]
[SourceVersion "1"]
[SourceVersionDate "2000.11.22"]
[SourceQuality "1"]

1. e4 c5 2. Nf3 Nc6 3. d4 cxd4 4. Nxd4 Nf6 5. Nc3 d6 6. Bc4 Qb6 7. Ndb5 Bg4 8. Nd5 Qxb5 9. Bxb5 Bxd1 10. Nxf6+ gxf6 11. Kxd1 h5 12. c3 Bh6 13. Ke2 Bxc1 14. Raxc1 Kd7 15. f4 Rag8 16. Kf3 Rg7 17. Rhd1 Rhg8 18. Rc2 Kc7 19. Bc4 Rh8 20. Rcd2 Rh6 21. b4 Rhg6 22. a3 Rg4 23. g3 Nd8 24. Ke3 R4g6 25. Be2 Rh6 26. c4 b6 27. c5 Nb7 28. cxd6+ Nxd6 29. e5 fxe5 30. fxe5 Re6 31. Kf4 1-0

[Event "RUS-Cup07"]
[Site "Tomsk"]
[Date "1998.07.21"]
[Round "7"]
[White "Shchekachev, Andrei"]
[Black "Lopushnoy, Denis"]
[Result "1-0"]
[WhiteElo "2565"]
[BlackElo "2390"]
[PlyCount "39"]
[EventDate "1998.07.15"]
[EventType "swiss"]
[EventRounds "9"]
[EventCountry "RUS"]
[SourceTitle "CBM 067"]
[Source "ChessBase"]
[SourceDate "1998.11.30"]
[SourceVersion "2"]
[SourceVersionDate "1998.11.01"]
[SourceQuality "1"]

1. e4 c5 2. Nf3 Nc6 3. d4 cxd4 4. Nxd4 Nf6 5. Nc3 d6 6. Bg5 e6 7. Qd2 a6 8. 0-0-0 h6 9. Nxc6 bxc6 10. Bf4 d5 11. Qe3 Be7 12. Be2 0-0 13. h4 Ne8 14. Kb1 Nd6 15. Bd3 Re8 16. Qg3 Kh8 17. Be5 Bf8 18. Rhe1 a5 19. exd5 cxd5 20. Nxd5 1-0

[Event "RUS-Cup07"]
[Site "Tomsk"]
[Date "1998.07.18"]
[Round "4"]
[White "Lopushnoy, Denis"]
[Black "Smirnov, Pavel"]
[Result "1-0"]
[WhiteElo "2390"]
[BlackElo "2365"]
[PlyCount "59"]
[EventDate "1998.07.15"]
[EventType "swiss"]
[EventRounds "9"]
[EventCountry "RUS"]
[SourceTitle "CBM 067"]
[Source "ChessBase"]
[SourceDate "1998.11.30"]
[SourceVersion "2"]
[SourceVersionDate "1998.11.01"]
[SourceQuality "1"]

1. Nf3 Nf6 2. g3 g6 3. Bg2 Bg7 4. 0-0 0-0 5. c4 d6 6. d4 Nbd7 7. Nc3 e5 8. e4 c6 9. Be3 Ng4 10. Bg5 Qb6 11. h3 exd4 12. Na4 Qa6 13. hxg4 b5 14. c5 bxa4 15. cxd6 f6 16. Bf4 c5 17. g5 Bb7 18. gxf6 Nxf6 19. e5 Ng4 20. Re1 Rae8 21. e6 Rxf4 22. d7 Rff8 23. e7 Rxe7 24. Rxe7 Bf6 25. Re8 Qb5 26. Nxd4 Qxb2 27. Ne2 Bxg2 28. Rxf8+ Kxf8 29. d8Q+ Bxd8 30. Qxd8+ 1-0

[Event "RUS-chT 05th"]
[Site "Maikop"]
[Date "1998.06.06"]
[Round "4"]
[White "Lopushnoy, Denis"]
[Black "Fominyh, Alexander"]
[Result "0-1"]
[WhiteElo "2390"]
[BlackElo "2530"]
[PlyCount "70"]
[EventDate "1998.06.03"]
[EventType "team-tourn"]
[EventRounds "11"]
[EventCountry "RUS"]
[SourceTitle "EXT 2020"]
[Source "ChessBase"]
[SourceDate "2019.10.17"]
[SourceVersion "1"]
[SourceVersionDate "2019.10.17"]
[SourceQuality "1"]
[WhiteTeam "Novokuznetsk"]
[BlackTeam "Elista Uralan"]
[WhiteTeamCountry "RUS"]
[BlackTeamCountry "RUS"]

1. Nf3 c5 2. c4 Nc6 3. Nc3 g6 4. e3 Bg7 5. d4 d6 6. d5 Na5 7. Be2 Nf6 8. 0-0 0-0 9. e4 e5 10. a3 b6 11. b4 Nb7 12. Ne1 Bd7 13. Bb2 Ne8 14. Nd3 a6 15. Qb3 b5 16. Nc1 Nc7 17. cxb5 axb5 18. Qd1 Qe8 19. Nb3 Na6 20. Na2 Rc8 21. Nd2 f5 22. exf5 gxf5 23. Re1 Nc7 24. Nf1 Qf7 25. Nc3 Bf6 26. Ng3 e4 27. Rb1 Qg6 28. Bf1 Rce8 29. Ba1 Ra8 30. Qc1 Rfc8 31. Nge2 Be5 32. Nf4 Qg7 33. Nce2 cxb4 34. Bxe5 dxe5 35. Nh3 bxa3 0-1

[Event "Linares Anibal op 05th"]
[Site "Linares"]
[Date "1998.01.25"]
[Round "6"]
[White "Lopushnoy, Denis"]
[Black "Izeta Txabarri, Felix"]
[Result "1-0"]
[WhiteElo "2390"]
[BlackElo "2475"]
[PlyCount "67"]
[EventDate "1998.01.20"]
[EventType "swiss"]
[EventRounds "10"]
[EventCountry "ESP"]
[SourceTitle "CBM 062 Extra"]
[Source "ChessBase"]
[SourceDate "1998.03.09"]
[SourceVersion "1"]
[SourceVersionDate "1998.03.09"]
[SourceQuality "1"]

1. Nf3 Nf6 2. g3 g6 3. Bg2 Bg7 4. 0-0 0-0 5. c4 c6 6. d4 d6 7. Nc3 Qa5 8. e4 Bg4 9. h3 Bxf3 10. Bxf3 Nfd7 11. Be3 a6 12. Rb1 c5 13. e5 cxd4 14. Bxd4 dxe5 15. Be3 Qc7 16. Nd5 Qd8 17. Nb6 Nxb6 18. Qxd8 Rxd8 19. Bxb6 Rd7 20. Rfd1 Bf6 21. c5 e6 22. b4 Kf8 23. a4 Ke7 24. Bxb7 Rxb7 25. Bd8+ Ke8 26. Bxf6 Nc6 27. b5 axb5 28. axb5 Nd4 29. Rxd4 exd4 30. c6 Rba7 31. b6 Ra1 32. Rxa1 Rxa1+ 33. Kg2 Rb1 34. b7 1-0

[Event "Ubeda op 3rd"]
[Site "Ubeda"]
[Date "1998.01.23"]
[Round "4"]
[White "Lopushnoy, Denis"]
[Black "San Segundo Carrillo, Pablo"]
[Result "1/2-1/2"]
[WhiteElo "2390"]
[BlackElo "2505"]
[PlyCount "27"]
[EventDate "1998.01.20"]
[EventType "swiss"]
[EventRounds "10"]
[EventCountry "ESP"]
[SourceTitle "CBM 062 Extra"]
[Source "ChessBase"]
[SourceDate "1998.03.09"]
[SourceVersion "1"]
[SourceVersionDate "1998.03.09"]
[SourceQuality "1"]

1. Nf3 c5 2. c4 Nc6 3. g3 g6 4. Bg2 Bg7 5. Nc3 e6 6. 0-0 Nge7 7. e3 0-0 8. d4 cxd4 9. Nxd4 d5 10. cxd5 Nxd4 11. exd4 Nxd5 12. Nxd5 exd5 13. Be3 Be6 14. Qb3 1/2-1/2

[Event "Ubeda op 3rd"]
[Site "Ubeda"]
[Date "1998.01.22"]
[Round "3"]
[White "Ledger, Andrew"]
[Black "Lopushnoy, Denis"]
[Result "1-0"]
[WhiteElo "2460"]
[BlackElo "2390"]
[PlyCount "57"]
[EventDate "1998.01.20"]
[EventType "swiss"]
[EventRounds "10"]
[EventCountry "ESP"]
[SourceTitle "CBM 062 Extra"]
[Source "ChessBase"]
[SourceDate "1998.03.09"]
[SourceVersion "1"]
[SourceVersionDate "1998.03.09"]
[SourceQuality "1"]

1. e4 c5 2. Nc3 Nc6 3. g3 g6 4. d3 Bg7 5. Be3 d6 6. Qd2 Rb8 7. Bg2 b5 8. Nge2 Nd4 9. 0-0 b4 10. Nd1 e5 11. f4 Ne7 12. c3 bxc3 13. bxc3 Nxe2+ 14. Qxe2 0-0 15. fxe5 Bxe5 16. Bh6 Bg7 17. Bxg7 Kxg7 18. Ne3 Be6 19. Rf2 Qa5 20. Qd2 Rbd8 21. Raf1 h6 22. h4 Qc7 23. Kh2 Qd7 24. h5 d5 25. exd5 Nxd5 26. Nxd5 Bxd5 27. hxg6 fxg6 28. Rxf8 Rxf8 29. Rxf8 1-0

[Event "RUS-ch sf"]
[Site "Novosibirsk"]
[Date "1998.??.??"]
[Round "?"]
[White "Frolov, Denis"]
[Black "Lopushnoy, Denis"]
[Result "1/2-1/2"]
[WhiteElo "2350"]
[BlackElo "2390"]
[PlyCount "62"]
[EventDate "1998.??.??"]
[EventType "swiss"]
[EventRounds "9"]
[EventCountry "RUS"]
[SourceTitle "EXT 2000"]
[Source "ChessBase"]
[SourceDate "1999.11.16"]
[SourceVersion "1"]
[SourceVersionDate "1999.11.16"]
[SourceQuality "1"]

1. e4 c5 2. Nf3 Nc6 3. Nc3 d6 4. d4 cxd4 5. Nxd4 Nf6 6. Bc4 Qb6 7. Nb3 e6 8. Be3 Qc7 9. 0-0 Be7 10. f4 a6 11. Bd3 b5 12. Qf3 Rb8 13. a3 b4 14. Ne2 e5 15. f5 bxa3 16. bxa3 0-0 17. Nd2 Na5 18. g4 d5 19. exd5 Bc5 20. c4 Nb3 21. Kh1 Bxe3 22. Nxb3 Rxb3 23. Qxe3 e4 24. Nc1 Rxd3 25. Nxd3 exd3 26. Qxd3 Nxg4 27. Qe2 Nf6 28. Rac1 Bb7 29. Qg2 Qc5 30. Rg1 g6 31. Qb2 Bxd5+ 1/2-1/2

[Event "RUS-Cup"]
[Site "Krasnoyarsk"]
[Date "1998.??.??"]
[Round "6"]
[White "Lopushnoy, Denis"]
[Black "Makarov, Marat"]
[Result "1/2-1/2"]
[WhiteElo "2390"]
[BlackElo "2540"]
[PlyCount "41"]
[EventDate "1998.??.??"]
[EventType "swiss"]
[EventRounds "9"]
[EventCountry "RUS"]
[SourceTitle "EXT 2000"]
[Source "ChessBase"]
[SourceDate "1999.11.16"]
[SourceVersion "1"]
[SourceVersionDate "1999.11.16"]
[SourceQuality "1"]

1. Nf3 Nf6 2. g3 b5 3. Bg2 Bb7 4. Na3 a6 5. c4 b4 6. Nc2 c5 7. 0-0 e6 8. d4 cxd4 9. Qxd4 Be7 10. Re1 0-0 11. e4 Nc6 12. Qd3 d6 13. Nfd4 Nxd4 14. Nxd4 Nd7 15. b3 Nc5 16. Qe2 Bf6 17. Bb2 Qb6 18. Rad1 Rad8 19. Kh1 Rfe8 20. f4 Nd7 21. Qd2 1/2-1/2

[Event "RUS-Cup08"]
[Site "Omsk/Perm"]
[Date "1998.??.??"]
[Round "3"]
[White "Lopushnoy, Denis"]
[Black "Shurygin, Sergey"]
[Result "1-0"]
[WhiteElo "2390"]
[BlackElo "2305"]
[PlyCount "79"]
[EventDate "1998.??.??"]
[EventType "swiss"]
[EventRounds "9"]
[EventCountry "RUS"]
[SourceTitle "EXT 2000"]
[Source "ChessBase"]
[SourceDate "1999.11.16"]
[SourceVersion "1"]
[SourceVersionDate "1999.11.16"]
[SourceQuality "1"]

1. Nf3 d5 2. g3 Bg4 3. Bg2 Nd7 4. c4 c6 5. cxd5 cxd5 6. Qa4 Bxf3 7. Bxf3 e6 8. e4 dxe4 9. Bxe4 Qc7 10. Nc3 Ngf6 11. Bf3 Be7 12. d4 0-0 13. Bf4 Qb6 14. Qb3 Qxd4 15. Rd1 Qb6 16. Qxb6 Nxb6 17. Bxb7 Rad8 18. Ke2 Nfd5 19. Nxd5 Nxd5 20. Bxd5 exd5 21. Rc1 Bf6 22. b3 Bd4 23. f3 Bb6 24. Kd3 Rfe8 25. Rc6 Re6 26. Rhc1 h5 27. b4 Rde8 28. Rxe6 fxe6 29. Be5 Kf7 30. a4 Ra8 31. Rc6 Bd8 32. b5 Bf6 33. Bd6 e5 34. Bc5 Bd8 35. Ra6 Rc8 36. Rxa7+ Ke6 37. Be3 g6 38. a5 d4 39. Bd2 Rc5 40. Rb7 1-0